Unlocking the Power of Self-Compassion and Psychological Flexibility: Enhancing Emotional Health, Subjective Wellbeing, and Quality of Life in College Students

Táto prierezová štúdia sa zamerala na skúmanie prediktívnych účinkov psychologickej flexibility a súcitu so sebou samým na kvalitu života, emocionálny stres a subjektívnu pohodu vysokoškolských študentov, pričom sa kontrolovali demografické a iné relevantné psychologické premenné. Výsledky podčiarku...

Ausführliche Beschreibung

Gespeichert in:
Bibliographische Detailangaben
1. Verfasser: Arslan, Gökmen
Format: Buchkapitel
Sprache:Englisch
Schlagworte:
Tags: Tag hinzufügen
Keine Tags, Fügen Sie das erste Tag hinzu!

MARC

LEADER 00000naa a2200000 4500
001 0300097
005 20250228131411.4
041 0 |a eng 
044 |a SK 
245 1 0 |a Unlocking the Power of Self-Compassion and Psychological Flexibility: Enhancing Emotional Health, Subjective Wellbeing, and Quality of Life in College Students  |c Gökmen Arslan 
520 |a Táto prierezová štúdia sa zamerala na skúmanie prediktívnych účinkov psychologickej flexibility a súcitu so sebou samým na kvalitu života, emocionálny stres a subjektívnu pohodu vysokoškolských študentov, pričom sa kontrolovali demografické a iné relevantné psychologické premenné. Výsledky podčiarkujú potenciálne prínosy podpory zlepšenia kvality života, emocionálneho zdravia a pohody vysokoškolských študentov. 
610 2 0 |a vysokoškoláci 
610 2 0 |a kvalita života 
610 2 0 |a flexibilita 
610 2 0 |a zdravie duševné 
610 2 0 |a rovnováha duševná 
610 2 0 |a psychológia pedagogická 
610 2 0 |a psychológia sociálna 
100 1 |a Arslan, Gökmen